00418nam a2200157Ia 450000500170000000800410001702000180005804100080007608200080008410000130009224500360010526000190014130000090016052000790016965000120024820230329141338.0220524s9999 xx 000 0 und d a9781906388461 aeng a746 aHomes C. aThe Found Object in Textile Art bBatsfordc2010 a128p a1. Beyond the Surface 2. Use of the Found 3. Magpie of the Mind 4. Sharing aTextile